| 000 | 02120nam a2200337Ia 4500 | ||
|---|---|---|---|
| 999 |
_c46193 _d46193 |
||
| 001 | 13026 | ||
| 003 | GE_BSU | ||
| 005 | 20240715143133.0 | ||
| 008 | 181216s2011||||ge |||||||||||||| ||geo|| | ||
| 020 | _a978994113219 | ||
| 040 | _cGE_BSU | ||
| 041 | _ageo | ||
| 080 | _a727:378.4(479.22)+378.4(479.22-25(09) გ-16 | ||
| 100 |
_aგაიპარაშვილი, ზურაბ _922825 |
||
| 245 |
_aსაუკუნის ნიშანსვეტი : _bივანე ჯავახიშვილის სახ. თბილისის სახელმწ. უნ-ტის მთავარი შენობა / _c ზურაბ გაიპარაშვილი ; ივანე ჯავახიშვილის სახ. თბილისის სახელმწ. უნ-ტი. |
||
| 250 | _aმე-2 შევსებული გამოცემა | ||
| 264 |
_aთბილისი : _bთბილისის უნ-ტის გამ-ბა, _c2011. |
||
| 300 |
_a168 გვ. : _bფოტ. ; _c24 სმ. |
||
| 500 | _aგარეკანზე ავტორი აღნიშნული არ არის | ||
| 500 | _aთავფურცლის მე-3 გვერდი ინგლ. ენაზე | ||
| 500 | _a ტექსტი ქართ. და ინგლ. ენებზე | ||
| 500 | _aშენიშვნები : გვ. 153-157 | ||
| 500 | _aპირთა საძიებელი : გვ. 161-163 | ||
| 504 | _aბიბლიოგრაფია : გვ. 164-167 | ||
| 520 | _aრეზიუმე ინგლ. ენაზე | ||
| 546 | _aტექსტი ქართ. და ინგლ. ენებზე | ||
| 653 | _aსაუკუნის ნიშანსვეტი | ||
| 653 | _aთბილისის სახელმწიფო უნივერსიტეტის ისტორია | ||
| 653 | _aთბილისის სახელმწიფო უნივერსიტეტის არქიტექტურა | ||
| 942 |
_cBK _2udc |
||